The Space Between A Rock And A Hard Place - 5SOS - Statistics

General Stats
  • This quiz has been taken 126 times
  • The average score is 184 of 235
Answer Stats
The Space Between A Rock And A Hard Place % Correct
Chorus | Intro You
100%
you
100%
I
98%
your
98%
a
97%
the
93%
The
93%
you're
93%
You're
93%
22
90%
and
90%
catch
90%
i'm
90%
I'm
90%
It
88%
me
88%
to
83%
back
82%
Win
82%
do
80%
lose
80%
spell
80%
trapped
80%
breaks
78%
fall
78%
on
78%
or
78%
Til'
78%
til'
78%
Verse 1 Wasted
78%
heart
75%
of
75%
screwed
75%
under
75%
go
73%
in
73%
play
73%
saves
73%
Where
72%
jaded
70%
same
70%
we
70%
if
68%
little
68%
part
68%
chasing
67%
floor
67%
let
67%
Let
67%
sick
67%
don't
65%
again
63%
here
63%
lying
62%
Bridge Damned
60%
damned
60%
last
58%
more
58%
leave
57%
While
57%
you'll
57%
never
55%
off
55%
wanting
55%
With
55%
with
55%
door
53%
kiss
53%
Promise
53%
alone
52%
at
52%
better
52%
arms
50%
front
50%
apart
47%
our
47%
tear
47%
history
45%
waiting
45%
wrapped
45%
it's
43%
Faded
42%
repeating
42%
helpless
40%
madness
40%
over
40%
awake
38%
stay
38%
thought
38%
taking
37%
hands
35%
Verse 2 Restless
35%
spaces
33%
up
33%
interlacing
32%
Reckless
32%
twisted
32%
No matching quizzes found
Score Distribution
Percent of People with Each Score
Percentile by Number Answered
Your Score History
You have not taken this quiz